| 000 | 00604nam a2200229 a 4500 | ||
|---|---|---|---|
| 001 | 45364 | ||
| 003 | BD-RjUL | ||
| 005 | 20211209054012.0 | ||
| 008 | 160725s1960 nyu 000 0 eng | ||
| 035 | _a(BD-RjUL)45482 | ||
| 040 |
_aDLC _cOSW _dOCoLC _dBD-RjUL _beng |
||
| 041 | _aeng | ||
| 082 |
_a514 _223 _bVAS 1960 |
||
| 100 | 1 |
_aVaidyanathaswamy, R. _9138901 |
|
| 245 | 1 | 0 |
_aSet topology / _cR. Vaidyanathaswamy |
| 250 | _a2d ed. | ||
| 260 |
_aNew York, _bChelsea Pub. Co. _cc1960 |
||
| 300 |
_a304 p. ; _c24 cm. |
||
| 650 | 0 |
_aTopology. _9138902 |
|
| 650 | 0 |
_aSet theory. _9132207 |
|
| 942 |
_2ddc _cBK |
||
| 999 |
_c45364 _d45364 |
||